Štatistická kontrola a regulácia procesu – nástroje

Gespeichert in:
Bibliographische Detailangaben
1. Verfasser: Michelčík, Andrej (Verfasst von)
Weitere Verfasser: Blinová, Lenka (Betreuung Doktorarbeit)
Format: Manuskript Buch
Sprache:Slowakisch
Veröffentlicht: 2015
Schlagworte:
Online-Zugang:http://is.stuba.sk/zp/portal_zp.pl?podrobnosti=96017
Tags: Tag hinzufügen
Keine Tags, Fügen Sie das erste Tag hinzu!

MARC

LEADER 00000ntm a22000003a 4500
001 stuzp52000
003 SK-STU
005 20160719154029.9
007 ta
008 150427s2015----xo-----f-mn---000-0-slo-d
040 |a STU  |b slo 
041 0 |a slo 
100 1 |a Michelčík, Andrej  |u 065000  |4 aut  |U MTF Materiálovotechnologická fakulta  |T MTF Ústav bezpečnosti, environmentu a kvality  |X 74211  |U M5000  |Y 85  |7 74211 
242 0 1 |a Statistical process control and regulation ̶ tools  |y eng 
245 1 0 |a Štatistická kontrola a regulácia procesu – nástroje 
260 |c 2015 
650 4 |a evidenčná karta  |2 slo 
650 4 |a kvalita  |2 slo 
650 4 |a štatistická regulácia  |2 slo 
650 4 |a tvárniace nástroje prievlak a tŕň  |2 slo 
650 4 |a spôsobilosť procesu  |2 slo 
650 4 |a statistical regulation  |2 eng 
650 4 |a quality  |2 eng 
650 4 |a forming tools die and mandrel  |2 eng 
650 4 |a process capability  |2 eng 
650 4 |a record card  |2 eng 
700 1 |a Blinová, Lenka  |4 ths  |X 34036  |7 A000034036 
856 4 |u http://is.stuba.sk/zp/portal_zp.pl?podrobnosti=96017 
996 |c M* BP-7151  |l MMSKP  |s P  |a 0  |w stuzp52000_0001 
SQL |a stuzp52000  |b DBP  |c SLO  |d Štatistická kontrola a regulácia procesu – nástroje  |e 74211  |f Michelčík, Andrej  |g 065000  |h 34036  |i Blinová, Lenka  |j 20150629  |k 171  |l 06  |m http://is.stuba.sk/zp/portal_zp.pl?podrobnosti=96017  |n B-KPR  |o 5.2.57. kvalita produkcie